000 01488cam a2200361 a 4500
001 6007
003 FISKH
005 20251217081752.0
008 111213s2012 nyu d 000 1 eng
010 _a 2011042113
020 _a9780062059932 (hardback)
020 _a9780007466696
_c$15.00
040 _aDLC
_cDLC
_dDLC
_beng
050 _aPZ7.C2685133
082 _a813.6
100 1 _aCass, Kiera.
245 1 4 _aThe Selection :
_bIn a palace of rivals, only one can win his heart.../
_cKiera Cass.
260 _aLondon :
_bHarper Collins Publishers,
_c2012.
300 _a327 pages ;
_c20 cm
520 _a"Sixteen-year-old America Singer is living in the caste-divided nation of Illéa, which formed after the war that destroyed the United States. America is chosen to compete in the Selection--a contest to see which girl can win the heart of Illéa's prince--but all she really wants is a chance for a future with her secret love, Aspen, who is a caste below her"--
_cProvided by publisher.
650 1 _aMarriage
_vFiction.
650 1 _aContests
_vFiction.
650 1 _aSocial classes
_vFiction.
650 1 _aPrinces
_vFiction.
650 1 _aLove
_vFiction.
650 1 _aRevolutionaries
_vFiction.
650 7 _aJUVENILE FICTION / Love & Romance.
_2bisacsh
650 7 _aJUVENILE FICTION / Girls & Women.
_2bisacsh
650 7 _aJUVENILE FICTION / General.
_2bisacsh
906 _a7
_bcbc
_corignew
_d1
_eecip
_f20
_gy-gencatlg
942 _2ddc
_cBK
_n0
999 _c6007
_d6007